Statistiken für Deutsche Gruppen von Dingen

Klicken Sie hier um das Quiz zu spielen!

Allgemein

  • Dieses Quiz wurde 8.609 mal gespielt
  • Das Durchschnittsergebnis liegt bei 37 aus 44

Antwortstatistiken

GruppeAntwort% Korrekt
Größte StädteBerlin
99%
Längste FlüsseRhein
98%
Letzte 3 KanzlerAngela Merkel
98%
NachbarländerSchweiz
98%
NachbarländerPolen
98%
NachbarländerNiederlande
98%
NachbarländerÖsterreich
98%
Größte StädteMünchen
98%
Größte StädteHamburg
98%
NachbarländerLuxemburg
97%
Beste WM TorjägerGerd Müller
97%
Häufigste NachnamenMüller
97%
Größte AutomarkenVolkswagen
97%
Parteien im BundestagCDU
97%
NachbarländerBelgien
97%
NachbarländerDänemark
97%
NachbarländerFrankreich
97%
NachbarländerTschechien
96%
Parteien im BundestagBündnis 90/Die Grünen
95%
Parteien im BundestagSPD
95%
Größte StädteKöln
95%
Längste FlüsseDonau
94%
Parteien im BundestagAfD
93%
Größte AutomarkenDaimler
91%
Parteien im BundestagFDP
91%
Größte AutomarkenBMW
91%
Parteien im BundestagDie Linke
89%
Größte StädteFrankfurt
88%
Parteien im BundestagCSU
88%
Längste FlüsseElbe
85%
Größte StädteStuttgart
84%
Größte StädteDüsseldorf
84%
Letzte 3 KanzlerGerhard Schröder
81%
Letzte 3 KanzlerHelmut Kohl
81%
Häufigste NachnamenSchmidt
79%
Reinheitsgebot-ZutatenWasser
78%
Reinheitsgebot-ZutatenHopfen
74%
Reinheitsgebot-ZutatenMalz
73%
Beste WM-TorjägerMiroslav Klose
65%
Reinheitsgebot-ZutatenHefe
57%
Längste FlüsseOder
57%
Häufigste NachnamenSchneider
31%
Häufigste NachnamenFischer
28%
Beste WM-TorjägerJürgen Klinsmann
28%

Verteilung der Resultate

Perzentil nach korrekt beantworteten Fragen

Anzahl Personen mit jedem Resultat

Ihre Resultats-Entwicklung

Sie haben dieses Quiz noch nicht gespielt